MARC

LEADER 00000nam0a2200000 4500
001 145566
005 20231031144126.0
010 |a 5247009525 
020 |a RU  |b 90-72690 
035 |a (RuTPU)RU\TPU\book\157773 
090 |a 145566 
100 |a 20081018d1990 k a0rusy5003 ca 
101 0 |a rus 
102 |a RU 
105 |a a z 001zy 
200 1 |a Ядерный магнитный резонанс в нефтегазовой геологии и геофизике  |f С. М. Аксельрод, В. Д. Неретин 
210 |a Москва  |c Недра  |d 1990 
215 |a 191,[1] с.  |c ил.  |d 21 см 
320 |a Библиогр.: с. 189-190 (36 назв.). 
610 1 |a ядерный магнитный резонанс 
610 1 |a нефтяные скважины 
610 1 |a горные породы 
610 1 |a геология 
610 1 |a каротаж 
610 1 |a метод ЯМР 
610 1 |a исследование 
675 |a 553.98:550.832  |z rus  |v 3 
700 1 |a Аксельрод  |b С. М.  |g Самуил Михайлович  |4 070 
701 1 |a Неретин  |b В. Д.  |g Владислав Дмитриевич  |4 070 
801 0 |a RU  |b RuMRKP  |c 19950417  |g psbo 
801 1 |a RU  |b 63413507  |c 20081018  |g PSBO 
801 2 |a RU  |b 63413507  |c 20130524  |g PSBO 
942 |c BK